000 01584cam a22004097a 4500
003 CHAP
005 20220817043732.0
008 001129d2000 mx ab r 00110 spa d
010 _a83014
011 _a83986
035 _a94505
040 _cCHAP
090 _aTesis
100 0 0 _aZúñiga Morales, José Adalberto.
_9124233
245 1 0 _aAgroecosistemas Choles y Tojolabales en la cañadas de la Selva Lacandona, Chiapas
_c/por José Adalberto Zúñiga Morales.
260 _aChapingo, Méx. :
_bEl autor,
_c2000.
300 _a145 h. :
_bilus. ; gráfs. ; mapas ; cuadros ; anexo
502 _aTesis (M.C. en Desarrollo Rural Regional) -- UACH. Dirección de Centros Regionales Universitarios. Maestría en Ciencias en Desarrollo Rural Regional
590 _aALEPH
_b10
_c20130110
_lUCH01
_h1439
590 _aBATCH-UPD
_b10
_c20130110
_lUCH01
_h1008
590 _aBATCH-UPD
_b10
_c20130410
_lUCH01
_h0617
590 _aBATCH-UPD
_b10
_c20130913
_lUCH01
_h2222
590 _aCONVERSION
_b10
_c20130109
_lUCH01
_h1346
650 1 4 _aAgricultura sustentable.
650 1 4 _aChiapas
_xCondiciones rurales.
_922226
650 1 4 _aChiapas
_xCondiciones sociales.
_922227
650 1 4 _aDesarrollo sustentable
_zChiapas.
_932099
650 1 4 _aLacandones
_xAgricultura.
_964321
650 1 4 _aRoza.
_9100413
650 1 4 _aSelva Lacandona.
_9103818
650 1 4 _aSistemas de cultivo
_xChiapas.
_9106749
901 _aBK
905 _aPatricia Mendoza P.
942 _cFOLL
949 _bBC
_cTES
_d33724000812418
_eTS2
_fc.2
_h37376
_i94505
_si
949 _bBC
_cTES
_d945051
_eTS1
_h37375
_i94505
_sb
999 _c83014
_d83014